Basic Being Basic - DJO - Statistics

General Stats
  • This quiz has been taken 109 times
  • The average score is 223 of 316
Answer Stats
Section Lyric % Correct
I
100%
you
100%
You
100%
a
98%
A
98%
basic.
98%
basic
98%
basic)
98%
being
98%
even
95%
that,
95%
that
95%
that.
95%
the
95%
The
95%
to
95%
it
93%
it,
93%
it.
93%
It
93%
it)
93%
then
93%
your
93%
just
90%
Just
90%
my
90%
of
90%
an
88%
is.
88%
is
88%
it's
88%
It's
88%
me
88%
take
88%
Take
88%
That's
88%
that's
88%
(That's
88%
cause
86%
Cause
86%
change
86%
Bridge Change
86%
Every
86%
I'm
86%
more
86%
scared
86%
eat
83%
glued
83%
not
83%
seat.
83%
you're
83%
for
81%
Chorus How
81%
ironic
81%
life?
81%
life
81%
like
81%
so
81%
want
81%
Barely
79%
bite
79%
cried
79%
food
79%
from
79%
funny,
79%
funny.
79%
funny
79%
Verse 1 Get
79%
get
79%
feel
76%
he
76%
think
76%
worried,
76%
don't
71%
Fifty
71%
fifty
71%
light
71%
sucker
71%
back
69%
here
69%
looks.
69%
face
67%
kept
67%
worse
67%
and
64%
as
64%
Bad
64%
example
64%
habit,
64%
How'd
64%
in
64%
quick
64%
body,
62%
but
62%
care
62%
exchange.
62%
fame.
62%
friends
62%
has
62%
hits.
62%
reading
62%
wanted
62%
where
62%
big
60%
fool
60%
have
60%
live
60%
love
60%
man
60%
money,
60%
simple
60%
Asked
57%
can
57%
Everyone
57%
everyone
57%
wanna
57%
changed.
55%
hair
55%
I'll
55%
picture
55%
pleasures,
55%
secrets
55%
capacity
52%
Curl
52%
give
52%
make
52%
real
52%
same.
52%
still
52%
what?)
52%
Outro What
52%
guess
50%
pretend
50%
reeling,
50%
sent
50%
again
48%
keeping
48%
monotone
48%
name
48%
past
48%
plate,
48%
straight
48%
thank
45%
hate
43%
movie
43%
spite
43%
apps
40%
empty
40%
find
40%
flash
40%
outlast
40%
photograph
40%
won't
40%
looking
38%
hot
36%
Nothingness
36%
Tarantino
36%
Vera
36%
Vogue
36%
chats
33%
different
33%
epitaph
33%
taste
33%
girl,
31%
said
31%
understated.
31%
Bradley's
29%
Ditching
29%
fingers
29%
on
29%
Rah-rah,
29%
cheugy-phobe
26%
girls
26%
past's
26%
pointing
26%
If
21%
looked
21%
Yeah,
21%
laugh
19%
five
17%
(Good
17%
good
17%
numbers,
17%
Shuffle
17%
luck
14%
(Sell
14%
with
14%
(Basically)
10%
tight
10%
might
5%
No matching quizzes found
Score Distribution
Percent of People with Each Score
Percentile by Number Answered
Your Score History
You have not taken this quiz